[Event "Women's Open"]
[Site "Vratsa BUL"]
[Date "2009.07.29"]
[Round "7"]
[White "Vladimirova,M"]
[Black "Ivanova,Si"]
[Result "1/2-1/2"]
[WhiteElo "2077"]
[BlackElo "1763"]

1.e4 c5 2.Nf3 e6 3.d4 cxd4 4.Nxd4 Nc6 5.Nc3 Nf6 6.Ndb5 Bc5 7.Bf4 O-O 8.Bd6 Bxd6
9.Nxd6 a6 10.f4 Ne8 11.e5 Nxd6 12.exd6 Qb6 13.Qd2 Qa7 14.O-O-O b5 15.f5 exf5
16.Qg5 Bb7 17.Nd5 f6 18.Qxf5 Ne5 19.Ne7+ Kh8 20.Bd3 g6 21.Qh3 Kg7 22.Rhe1 Bc6
23.g4 Bf3 24.g5 Nxd3+ 25.Rxd3 Bh5 26.Nc6 Qc5 27.Re7+ Kh8 28.Nd4 fxg5 29.Rxd7 Rae8
30.Re7 Rxe7 31.dxe7 Qxe7 32.Re3 Rf1+ 33.Qxf1 Qxe3+ 34.Kb1 Kg7 35.c3 Qe4+
36.Kc1 b4 37.Kd2 bxc3+ 38.bxc3 a5 39.Qf2 Bg4 40.c4 Qb1 41.Kc3 Qb4+ 42.Kd3 Qb1+
43.Kc3 Qb4+ 44.Kd3 Qb1+ 45.Kc3  1/2-1/2

[Event "Dutch Open"]
[Site "Dieren NED"]
[Date "2009.07.30"]
[Round "9"]
[White "Van Delft,M"]
[Black "Swinkels,R"]
[Result "1/2-1/2"]
[WhiteElo "2360"]
[BlackElo "2516"]

1.e4 c5 2.Nf3 e6 3.d4 cxd4 4.Nxd4 Nc6 5.Nc3 Qc7 6.Be3 a6 7.Qd2 Nf6 8.O-O-O Bb4
9.f3 O-O 10.g4 Ne5 11.g5 Nh5 12.Kb1 Bxc3 13.Qxc3 Qxc3 14.bxc3 d5 15.Be2 Ng6
16.Nb3 Nhf4 17.Bf1 dxe4 18.fxe4 e5 19.Rg1 Be6 20.Nc5 Rac8 21.Rd6 Rc7 22.c4 Re8
23.Rg3 Rec8 24.Nxe6 Nxe6 25.Bf2 Ngf4 26.h4 g6 27.Rb3 Kg7 28.Kc1 b5 29.Rxa6 bxc4
30.Rba3 Nd4 31.Ra8 Nd3+ 32.cxd3 cxd3+ 33.Kd2 Rc2+ 34.Ke3 d2 35.Be2 Nxe2 36.Kxe2 Rxa8
37.Rxa8 d1=Q+ 38.Kxd1 Rxf2 39.Ra5 Rh2 40.a4 Rxh4 41.Rxe5 Rh2 42.a5 Ra2 43.Kc1 h5
44.gxh6+ Kxh6 45.Kb1 Ra4 46.Kc2 g5 47.Kb3 Ra1 48.Kb2 Ra4 49.Kb3 Ra1 50.Kb2 Ra4  1/2-1/2

[Event "ZMD Open"]
[Site "Dresden GER"]
[Date "2009.07.30"]
[Round "6"]
[White "Held,F"]
[Black "Sturm,F"]
[Result "1-0"]
[WhiteElo "2043"]
[BlackElo "1916"]

1.e4 c5 2.Nf3 e6 3.Nc3 Nc6 4.d4 cxd4 5.Nxd4 a6 6.Be3 Qc7 7.Bd3 Nf6 8.O-O e5
9.Nf5 d6 10.Bg5 Bxf5 11.exf5 Be7 12.Bxf6 Bxf6 13.Nd5 Qa5 14.Be4 Rd8 15.c3 Rd7
16.a4 Ne7 17.b4 Qd8 18.g3 Nxd5 19.Qxd5 Qc7 20.c4 O-O 21.h4 Rc8 22.Rfc1 Qb6
23.Rab1 Qc6 24.Qxc6 bxc6 25.b5 cxb5 26.cxb5 Rxc1+ 27.Rxc1 axb5 28.axb5 d5
29.b6 Kf8 30.Bxd5 Rxd5 31.b7 Rb5 32.Rc8+ Ke7 33.b8=Q Rxb8 34.Rxb8 g6 35.fxg6 hxg6
36.Rb6 Bg7 37.Kg2 f6 38.Rb7+ Kf8 39.Kf3 f5 40.Ke3 Bh6+ 41.Kd3 Bc1 42.Rd7 Ba3
43.Kc4 Bb2 44.Rd2 Ba1 45.Ra2 Bd4 46.f4 Kf7  1-0

[Event "Czech Open A"]
[Site "Pardubice CZE"]
[Date "2009.07.30"]
[Round "7"]
[White "Blomqvist,E"]
[Black "Lammers,M"]
[Result "1-0"]
[WhiteElo "2436"]
[BlackElo "2297"]

1.e4 c5 2.Nf3 e6 3.d4 cxd4 4.Nxd4 Nc6 5.Nc3 Qc7 6.Be3 a6 7.Qd2 Nf6 8.O-O-O Bb4
9.f3 Ne5 10.Nb3 b5 11.Qe1 Be7 12.f4 Ng6 13.e5 Ng4 14.Bd2 Bb7 15.Bd3 O-O 16.Qe2 f5
17.h3 Nh6 18.a3 b4 19.axb4 Bxb4 20.Rhf1 a5 21.Nb5 Qb8 22.Bxb4 axb4 23.Nd6 Bd5
24.Bc4 Ne7 25.Rd4 Ra2 26.Rfd1 Qa8 27.Bxd5 Nxd5 28.Qf3 Nf7 29.Rxd5 exd5 30.Nxf5 Kh8
31.Qg3 g6 32.Ne7 d4 33.Rxd4 Nxe5 34.fxe5 Rf1+ 35.Kd2 Rxb2 36.Rc4 Rxb3 37.cxb3 Qa2+
38.Rc2 Qa1 39.Rc8+ Kg7 40.Kd3 Qa6+ 41.Ke4 Qb7+ 42.Ke3 Qa7+ 43.Ke4 Qb7+ 44.Kd3 Qa6+
45.Rc4 Qa2 46.Ke4 Kf7 47.Nd5 Qd2 48.Ne3 d5+ 49.exd6 Rf6 50.Qe5 g5 51.Rc2 Kg6
52.Qe8+  1-0

[Event "Czech Open A"]
[Site "Pardubice CZE"]
[Date "2009.07.30"]
[Round "7"]
[White "Smith,Ax"]
[Black "Jansa,Vl"]
[Result "0-1"]
[WhiteElo "2377"]
[BlackElo "2470"]

1.e4 c5 2.Nf3 e6 3.d4 cxd4 4.Nxd4 Nc6 5.Nc3 a6 6.Be3 Nf6 7.Qd2 Bb4 8.f3 d5
9.O-O-O Qa5 10.Nxc6 bxc6 11.Bd4 O-O 12.exd5 cxd5 13.Bd3 Be7 14.g4 Bd7 15.h4 Rab8
16.h5 Qb4 17.b3 Rfc8 18.g5 Ne8 19.Bxh7+ Kxh7 20.g6+ fxg6 21.Rdg1 Bf6 22.hxg6+ Kg8
23.Qh2 Kf8 24.Qh8+ Ke7 25.Bxf6+ gxf6 26.Rh7+ Kd8 27.Nb1 Rxc2+ 28.Kxc2 Rc8+
29.Kb2 Qd4+ 30.Ka3 Qxg1 31.Rh1 Qc5+ 32.Kb2 Qd4+ 33.Ka3 Rc5  0-1

[Event "ch-Euro Senior"]
[Site "Rogaska Slatina SLO"]
[Date "2009.07.30"]
[Round "9"]
[White "Onoprienko,V"]
[Black "Rooze,J"]
[Result "1/2-1/2"]
[WhiteElo "2318"]
[BlackElo "2238"]

1.e4 c5 2.Nc3 e6 3.Nf3 Nc6 4.d4 cxd4 5.Nxd4 Qc7 6.Be2 a6 7.O-O Nf6 8.Be3 Bb4
9.Na4 Be7 10.Nxc6 bxc6 11.Nb6 Rb8 12.Nxc8 Qxc8 13.Bd4 c5 14.Be5 Rb6 15.c4 Nxe4
16.Bxg7 Rg8 17.Be5 Bd6 18.Bxd6 Nxd6 19.Bd3 Qb7 20.g3 Rxb2 21.Qh5 Ne4 22.Bxe4 Qxe4
23.Qxc5 Rg4 24.Rac1 Qe2 25.Qc8+ Ke7 26.Rcd1 Rd2 27.Rxd2 Qxd2 28.Qxa6 Re4
29.Qa3+ Qd6 30.c5 Qc6 31.Rc1 Re2 32.Qb3 Qe4 33.a3 Qf5 34.Rf1 Rc2 35.Qb4 Ke8
36.Qd4 h5 37.Rd1 Kf8 38.h4 Qf3 39.Re1 e5 40.Qd6+ Kg8 41.Rf1 Qf5 42.a4 e4
43.Qd4 Rxc5 44.Re1 Re5 45.Re3 Qe6 46.Rc3 d6 47.Rc6 e3 48.fxe3 Qh3 49.Rc2 Rc5
50.Rxc5 Qxg3+ 51.Kf1 Qf3+ 52.Ke1 Qh1+ 53.Kd2 dxc5 54.Qd8+ Kh7 55.Qg5 Qf3
56.Kc3 Qg4 57.Qf4 Qe6 58.a5 Kg7 59.Qg5+ Kf8 60.Qxc5+ Ke8 61.Qd4 Qa2 62.Kb4 Qb1+
63.Kc5 Qb7 64.Qe5+ Kf8 65.Qd6+ Kg8 66.a6 Qb3 67.Qd8+ Kh7 68.Qd4 Qb8 69.Qd6 Qb3
70.Qe5 Kg8 71.a7 Qa3+ 72.Kb6 Qb3+ 73.Kc7 Qc4+ 74.Kd6 Qa6+ 75.Kd5 Qxa7 76.Qg5+ Kf8
77.Qh6+ Ke7 78.Qg5+ Kf8 79.Ke4 Qa4+ 80.Kf3 Qd7 81.Kf4 Qd6+ 82.Kf3 Qd1+ 83.Kg3 Qe2
84.Kf4 Qc4+ 85.Kg3 Qe2 86.Qd8+ Kg7 87.Qd4+ Kg6 88.Qe4+ Kg7 89.Qe5+ Kf8 90.Qg5 Qe1+
91.Kf4 Qf2+  1/2-1/2

[Event "ch-Euro Senior w"]
[Site "Rogaska Slatina SLO"]
[Date "2009.07.30"]
[Round "9"]
[White "Kabanova,I"]
[Black "Sorokina,T"]
[Result "1/2-1/2"]
[WhiteElo "2047"]
[BlackElo "2143"]

1.e4 c5 2.Nf3 e6 3.d4 cxd4 4.Nxd4 Nc6 5.Nc3 a6 6.Be2 Qc7 7.O-O Nf6 8.Be3 Be7
9.a4 O-O 10.Qd2 d5  1/2-1/2

[Event "Continental ch-Americas"]
[Site "Sao Paulo BRA"]
[Date "2009.07.30"]
[Round "7"]
[White "Flores Rios,M"]
[Black "Leitao,R"]
[Result "1/2-1/2"]
[WhiteElo "2482"]
[BlackElo "2610"]

1.e4 c5 2.Nf3 Nc6 3.d4 cxd4 4.Nxd4 e6 5.Nc3 Qc7 6.Be3 a6 7.Qd2 Nf6 8.O-O-O Be7
9.f3 O-O 10.g4 b5 11.g5 Nh5 12.Nce2 Rd8 13.Ng3 Nxd4 14.Bxd4 Nf4 15.h4 Bb7
16.Bb6 Qxb6 17.Qxf4 d5  1/2-1/2

[Event "Continental ch-Americas"]
[Site "Sao Paulo BRA"]
[Date "2009.07.30"]
[Round "7"]
[White "Prasca Sosa,R"]
[Black "Diamant,A"]
[Result "0-1"]
[WhiteElo "2414"]
[BlackElo "2520"]

1.e4 c5 2.Nf3 e6 3.Nc3 Nc6 4.d4 cxd4 5.Nxd4 Qc7 6.g3 a6 7.Bg2 d6 8.O-O Bd7
9.Nxc6 Bxc6 10.Re1 Be7 11.Qg4 h5 12.Qe2 h4 13.a4 hxg3 14.hxg3 Nf6 15.Bd2 Kf8
16.a5 g6 17.b4 Kg7 18.Rab1 e5 19.Bg5 Ng8 20.Be3 Nf6 21.Bg5 Ng8 22.Be3 Rh5
23.Qc4 Qd7 24.Nd5 Bxd5 25.Qxd5 Nf6 26.Qd3 Rah8 27.Bb6 Bd8 28.Bxd8 Qxd8 29.c4 Ng4
30.Rbd1 Rh1+ 31.Bxh1 Rxh1+ 32.Kxh1 Nxf2+ 33.Kg1 Nxd3 34.Rxd3 Qc7 35.Rc1 Qc6
36.Rd5 Qa4 37.Rcd1 Qxb4 38.Kf2 Qxc4 39.Kf3 Qb4 40.Ke3 Qc3+ 41.Kf2 Kh6 42.R1d3 Qb4  0-1

[Event "III Deportiva San Juan Open"]
[Site "Pamplona ESP"]
[Date "2009.07.31"]
[Round "6"]
[White "Edouard,R"]
[Black "Ivanov,Jo"]
[Result "1/2-1/2"]
[WhiteElo "2597"]
[BlackElo "2431"]

1.e4 c5 2.Nf3 e6 3.d4 cxd4 4.Nxd4 Nc6 5.Nc3 Qc7 6.Be3 a6 7.Be2 Nf6 8.O-O Be7
9.f4 d6 10.a4 O-O 11.Bf3 Rb8 12.Kh1 Re8 13.Qd2 Bd7 14.g4 Nxd4 15.Bxd4 Bc6
16.g5 Nd7 17.Nd5 Bxd5 18.exd5 e5 19.Bc3 f5 20.gxf6 Bxf6 21.Bg4 exf4 22.Be6+ Kh8
23.Bxf6 Nxf6 24.Rxf4 Rf8 25.Raf1 Qe7 26.Qf2 b5 27.axb5 axb5 28.c3 h6 29.Qg2 Nh5
30.Rf7 Rxf7 31.Rxf7 Qh4 32.Qf2 Qxf2 33.Rxf2 b4 34.c4 Nf6 35.Rf4 Ra8 36.c5 dxc5
37.Rc4 Ra1+ 38.Kg2 Ra2 39.Rxc5 Rxb2+ 40.Kf3 g5 41.d6 Rd2 42.d7 Nxd7 43.Rc8+ Kg7
44.Rc7 Kf6  1/2-1/2

[Event "Czech Open A"]
[Site "Pardubice CZE"]
[Date "2009.07.31"]
[Round "8"]
[White "Zhuravleva,O"]
[Black "Rehorek,M"]
[Result "1/2-1/2"]
[WhiteElo "2262"]
[BlackElo "2374"]

1.e4 c5 2.Nf3 e6 3.d4 cxd4 4.Nxd4 Nc6 5.Nc3 Qc7 6.f4 a6 7.Nxc6 bxc6 8.Bd3 d5
9.O-O Nf6 10.Qf3 Be7 11.Kh1 g6 12.Bd2 Bb7 13.Rae1 O-O 14.Qh3 dxe4 15.Nxe4 Nxe4
16.Bxe4 Bf6 17.Bc3 Bxc3 18.Qxc3 c5 19.Bxb7 Qxb7 20.b3 Rac8 21.Re5 Rfd8 22.h4 Qb4
23.Qg3 Kf8 24.c4 Qd2 25.Qg5 Kg7 26.Rxe6 fxe6 27.Qe7+  1/2-1/2

[Event "16th ORDIX Open"]
[Site "Mainz GER"]
[Date "2009.08.01"]
[Round "5"]
[White "Bokros,A"]
[Black "Tregubov,P"]
[Result "1/2-1/2"]
[WhiteElo "2501"]
[BlackElo "2652"]

1.e4 c5 2.Nf3 Nc6 3.d4 cxd4 4.Nxd4 e6 5.Nc3 Qc7 6.Be2 a6 7.O-O Nf6 8.Kh1 Nxd4
9.Qxd4 Bc5 10.Qd3 b5 11.Bg5 Bb4 12.f4 Bb7 13.Bxf6 gxf6 14.Qd4 Be7 15.Rad1 Rd8
16.Bf3 Qxf4 17.Qb6 Qb8 18.Ne2 Bc6 19.Qe3 Qe5 20.Nf4 Bc5 21.Qd2 Qg5 22.Bh5 Bxe4
23.Nxe6 Qxd2 24.Nc7+ Ke7 25.Rxd2 d5 26.Bf3 f5 27.Nxd5+ Kf8 28.c3 Kg7 29.Rdd1 Rd6
30.Nc7 Rhd8 31.Rxd6 Bxd6 32.Nd5 Ba3 33.Bxe4 fxe4 34.Nf6 Bxb2 35.Nxe4 Rc8
36.Nd6 Rxc3 37.Nxf7 Ra3 38.g4 Rxa2 39.h4 Ra1 40.Rxa1 Bxa1 41.Nd6 b4 42.Nc4 b3
43.Nd2 Bc3 44.Nxb3 a5 45.Nxa5 Bxa5 46.g5 Kg6 47.h5+ Kxh5 48.Kg2 Kg4 49.Kh2 Bc7+
50.Kg2 Bd6 51.Kh1 Kxg5  1/2-1/2

[Event "16th ORDIX Open"]
[Site "Mainz GER"]
[Date "2009.08.01"]
[Round "5"]
[White "Naiditsch,A"]
[Black "Bischoff,K"]
[Result "1-0"]
[WhiteElo "2697"]
[BlackElo "2551"]

1.e4 c5 2.Nf3 e6 3.d4 cxd4 4.Nxd4 Nc6 5.Nc3 d6 6.Be3 a6 7.Be2 Bd7 8.f4 b5
9.Bf3 Nge7 10.Nb3 Nc8 11.a4 b4 12.Ne2 Be7 13.Ned4 N8a7 14.Qd3 O-O 15.O-O Nxd4
16.Nxd4 Nc6 17.Nxc6 Bxc6 18.Qc4 Qc7 19.Qxb4 d5 20.Qc3 dxe4 21.Bxe4 Rfc8 22.Qxc6 Qxc6
23.Bxc6 Rxc6 24.Rf2 Rb8 25.b3 Rbc8 26.Ra2 Bf6 27.Rd2 h5 28.c4 a5 29.Rd3 Kh7
30.Rc2 Kg6 31.Kf2 Kf5 32.Kf3 Rb8 33.g3 g5 34.fxg5 Bxg5 35.Bxg5 Kxg5 36.Ke4 Rc5
37.Kd4 Rbc8 38.Re3 Rf5 39.Re5  1-0

[Event "Centroamericano & Caribbean U20"]
[Site "Medellin COL"]
[Date "2009.08.01"]
[Round "4"]
[White "Duran Vega,S"]
[Black "Narvaez,Z"]
[Result "0-1"]
[WhiteElo "2075"]
[BlackElo "2204"]

1.e4 c5 2.Nf3 e6 3.Nc3 Nc6 4.d4 cxd4 5.Nxd4 Nf6 6.Ndb5 Bb4 7.a3 Bxc3+ 8.Nxc3 d5
9.exd5 exd5 10.Bd3 O-O 11.O-O d4 12.Ne2 Bg4 13.f3 Bh5 14.Nf4 Bg6 15.Bxg6 hxg6
16.Qd3 Qb6 17.Re1 Rae8 18.Rd1 g5 19.Ne2 Ne5 20.Qb3 Qxb3 21.cxb3 Nxf3+ 22.gxf3 Rxe2
23.Bxg5 Nh7 24.Rd2 Rfe8 25.Kf1 d3 26.Bf4 g5  0-1

[Event "Czech Open A"]
[Site "Pardubice CZE"]
[Date "2009.08.01"]
[Round "9"]
[White "Blomqvist,E"]
[Black "Jurcik,Mart"]
[Result "1-0"]
[WhiteElo "2436"]
[BlackElo "2317"]

1.e4 c5 2.Nf3 e6 3.d4 cxd4 4.Nxd4 Nc6 5.Nc3 Qc7 6.Be3 a6 7.Qd2 Nf6 8.O-O-O Bb4
9.f3 Na5 10.Kb1 Bxc3 11.Qxc3 Qxc3 12.bxc3 d5 13.e5 Nd7 14.f4 b5 15.Nb3 Nc4
16.Bxc4 bxc4 17.Na5 Kd8 18.Ka1 Kc7 19.Rb1 Rb8 20.Rxb8 Nxb8 21.Bc5 Nc6 22.Rb1 f6
23.Bd6+ Kd7 24.Nb7 Na7 25.Nc5+ Kc6 26.a4 Re8 27.Rb8 g5 28.a5  1-0

[Event "Czech Open A"]
[Site "Pardubice CZE"]
[Date "2009.08.01"]
[Round "9"]
[White "Biolek,R1"]
[Black "Akesson,R"]
[Result "1/2-1/2"]
[WhiteElo "2361"]
[BlackElo "2469"]

1.e4 c5 2.Nf3 e6 3.d4 cxd4 4.Nxd4 Nc6 5.Nc3 Qc7 6.g3 a6 7.Bg2 d6 8.O-O Bd7
9.Kh1 Nf6 10.f4 Nxd4 11.Qxd4 Bc6 12.b3 Be7 13.Bb2 O-O 14.Ne2 b5 15.g4 e5
16.fxe5 dxe5 17.Qe3 Qa7 18.Qxa7 Rxa7 19.h3 Bxe4 20.Bxe4 Nxe4 21.Bxe5 Rd7
22.Bd4 Rc8 23.c3 Rxd4 24.cxd4 Rc2 25.Rfe1 Rxe2 26.Rxe2 Ng3+ 27.Kg2 Nxe2 28.Re1 Nf4+
29.Kf3 Ng6 30.Rc1 f6 31.Rc6 a5 32.Ra6 Kf7 33.Rxa5 b4 34.Ke4 Ke6 35.Ra7 Kd6
36.d5 Kc5 37.h4 Bd6 38.Rxg7 Nxh4 39.Rxh7 Ng6 40.Rh6 Ne5 41.Rxf6 Nxg4 42.Rf1 Ne5
43.Rc1+ Kb6 44.Kf5 Bb8 45.Rc8 Nd7 46.d6 Kb7 47.Rd8 Nc5 48.Kf6 Ba7 49.Ke7 Bb6
50.Rh8 Ne4 51.d7 Nc3 52.d8=Q Bxd8+ 53.Kxd8 Nxa2 54.Kd7 Nc1 55.Rh3 Kb6 56.Kd6 Ne2
57.Re3 Nc3 58.Ke5 Kc5 59.Rd3 Ne2 60.Rd8 Kb6 61.Rd3 Nc1 62.Kd4 Nxd3 63.Kxd3 Kc5
64.Ke4 Kc6 65.Kd4 Kb6 66.Kc4 Kc6 67.Kxb4 Kb6 68.Kc4  1/2-1/2

[Event "Continental ch-Americas"]
[Site "Sao Paulo BRA"]
[Date "2009.08.01"]
[Round "9"]
[White "Quesada Perez,Y"]
[Black "Zambrana,O"]
[Result "1/2-1/2"]
[WhiteElo "2584"]
[BlackElo "2473"]

1.e4 c5 2.Nf3 e6 3.d4 cxd4 4.Nxd4 Nc6 5.Nc3 Qc7 6.Be3 a6 7.Qd2 Nf6 8.O-O-O Bb4
9.f3 Ne5 10.Nb3 b5 11.Qf2 Nc4 12.Bxc4 bxc4 13.Nc5 O-O 14.N5a4 Rb8 15.Bc5 Rd8
16.Bb6 Qf4+ 17.Rd2 Re8 18.g3 Qh6 19.Be3 Qg6 20.g4 d5 21.h4 h5 22.g5 Nh7 23.exd5 exd5
24.Rxd5 Bb7 25.Rd4 Qc6 26.Rf1 Bc8 27.Bf4 Rb7 28.Rfd1 Nf8 29.Qf1 Be6 30.Bd6 Ng6
31.Bxb4 Rxb4 32.Rd6 Qc7 33.Qf2 Rbb8 34.a3 Red8 35.Ne4 Rxd6 36.Rxd6 Bf5 37.Nac5 c3
38.b3 Qa5 39.Rxa6 Qc7 40.Qg3 Nf4 41.Qe1 Bxe4 42.Nxe4 Rxb3 43.Ra8+ Rb8 44.Rxb8+ Qxb8
45.Nxc3 Qa8 46.Kb2 Qb7+ 47.Ka2  1/2-1/2

[Event "University of Twente YM"]
[Site "Enschede NED"]
[Date "2009.08.02"]
[Round "3"]
[White "Burg,T"]
[Black "Giri,A"]
[Result "1-0"]
[WhiteElo "2422"]
[BlackElo "2518"]

1.e4 c5 2.Nf3 e6 3.d4 cxd4 4.Nxd4 Nc6 5.Nc3 Qc7 6.Be2 a6 7.O-O Nf6 8.Be3 Bb4
9.Na4 O-O 10.c4 Bd6 11.g3 Nxe4 12.Bf3 f5 13.c5 Be5 14.Nxc6 bxc6 15.Bxe4 fxe4
16.Nb6 Rb8 17.Qc2 Qd8 18.Rad1 d5 19.cxd6 Rxb6 20.Bxb6 Qxb6 21.Qxe4 Bf6 22.d7 Bb7
23.Qxe6+ Kh8 24.Rfe1 h6 25.Qxf6 gxf6 26.Re8 Qd8 27.Rxf8+  1-0

[Event "ch-AUT"]
[Site "Jenbach AUT"]
[Date "2009.08.02"]
[Round "9"]
[White "Schweitzer,W"]
[Black "Schachinger,M"]
[Result "1-0"]
[WhiteElo "2022"]
[BlackElo "2351"]

1.e4 c5 2.Nf3 e6 3.d4 cxd4 4.Nxd4 Nc6 5.Nc3 d6 6.Be3 Nf6 7.Bd3 Be7 8.O-O Nxd4
9.Bxd4 e5 10.Be3 O-O 11.h3 Be6 12.Qe2 a6 13.Rad1 Qc7 14.Kh1 b5 15.a4 b4 16.Nd5 Nxd5
17.exd5 Bd7 18.Bxa6 Bxa4 19.b3 Bd7 20.f4 exf4 21.Bxf4 Rfe8 22.Bd3 f5 23.Qf2 Bf6
24.Be3 Bc3 25.Bd4 g6 26.Qh4 Bxd4 27.Qxd4 Qc3 28.Qf4 Re5 29.Rf3 Ra1 30.Rxa1 Qxa1+
31.Rf1 Qc3 32.Qf2 Qc5 33.Qd2 Kg7 34.Bc4 Be8 35.Ra1 Bf7 36.Ra4 Bxd5 37.Rxb4 Re4
38.Rb5 Re5  1-0

[Event "Open"]
[Site "Kavala GRE"]
[Date "2009.08.02"]
[Round "3"]
[White "Kapnisis,S"]
[Black "Gajewski,G"]
[Result "1/2-1/2"]
[WhiteElo "2464"]
[BlackElo "2572"]

1.e4 c5 2.Nf3 e6 3.d4 cxd4 4.Nxd4 Nc6 5.Nc3 Qc7 6.Be3 a6 7.f4 b5 8.Qf3 Bb7
9.Bd3 Nf6 10.g4 Nxd4 11.Bxd4 Bc5 12.Bxc5 Qxc5 13.g5 Ng8 14.O-O-O Ne7 15.Kb1 b4
16.Ne2 a5 17.Rhf1 a4 18.Qf2 Qxf2 19.Rxf2 h6 20.Nd4 Nc6 21.Nb5 Ke7 22.h4 hxg5
23.hxg5 f6 24.Rg2 Rag8 25.Rdg1 fxg5 26.Rxg5 Rh4 27.Kc1 Rxf4 28.Rxg7+ Rxg7
29.Rxg7+ Kd8 30.Rg8+ Ke7 31.Rg7+ Kd8 32.Nd6 Ba8 33.Rg8+ Kc7 34.Rxa8 Kxd6
35.Rxa4 Kc5 36.Kd2 Rf2+ 37.Ke3 Rh2 38.a3 d5 39.Kf4 Rf2+ 40.Ke3 Rh2 41.exd5 exd5
42.Ra8 bxa3 43.bxa3 Rh3+ 44.Kd2 d4 45.Rg8 Ne5 46.Rc8+ Kd5 47.Rd8+  1/2-1/2

[Event "Centroamericano & Caribbean U20 w"]
[Site "Medellin COL"]
[Date "2009.08.02"]
[Round "5"]
[White "Heredia Serrano,C"]
[Black "Orozco,Li"]
[Result "1/2-1/2"]
[WhiteElo "2135"]
[BlackElo "2148"]

1.e4 c5 2.Nf3 e6 3.d4 cxd4 4.Nxd4 Nc6 5.Nc3 a6 6.Nxc6 bxc6 7.Bd3 e5 8.O-O Nf6
9.b3 Bc5 10.Na4 Be7 11.Bb2 d6 12.c4 Qc7 13.Rc1 O-O 14.c5 d5 15.Qe2 Re8 16.Rfe1 d4  1/2-1/2

[Event "Continental ch-Americas"]
[Site "Sao Paulo BRA"]
[Date "2009.08.02"]
[Round "10"]
[White "Garcia,Gild"]
[Black "Hernandez Carmenates,Hold"]
[Result "0-1"]
[WhiteElo "2390"]
[BlackElo "2573"]

1.e4 c5 2.Nf3 Nc6 3.d4 cxd4 4.Nxd4 e6 5.Nc3 a5 6.Be2 Qc7 7.O-O Nf6 8.Be3 Bb4
9.Na4 O-O 10.c4 Bd6 11.f4 Nxe4 12.Nxc6 bxc6 13.Bd3 Nf6 14.Bb6 Qb8 15.Bd4 Be7
16.c5 Rd8 17.Nb6 Qa7 18.Qc2 Rb8 19.Rad1 d6 20.cxd6 Bxd6 21.Bxh7+ Nxh7 22.Nxc8 Qb7
23.Nxd6 Rxd6 24.Be5 Rxd1 25.Rxd1 Rc8 26.Qc5 Nf8 27.Bc3 Qb5 28.Qd4 f6 29.Qe4 Kf7
30.h3 Rc7 31.a4 Qb6+ 32.Kh2 Rd7 33.Re1 Rd5 34.Re2 c5 35.g3 Qd6 36.Rg2 Ng6
37.h4  0-1

[Event "Arctic Chess Challenge"]
[Site "Tromso NOR"]
[Date "2009.08.02"]
[Round "2"]
[White "Socko,B"]
[Black "Simutowe,A"]
[Result "1/2-1/2"]
[WhiteElo "2656"]
[BlackElo "2481"]

1.e4 c5 2.Nf3 e6 3.d4 cxd4 4.Nxd4 Nc6 5.Nc3 Qc7 6.Be3 a6 7.Be2 Nf6 8.O-O d6
9.f4 Be7 10.Kh1 O-O 11.Qe1 Nxd4 12.Bxd4 b5 13.Qg3 Bb7 14.Bd3 g6 15.e5 Nh5
16.Qe3 dxe5 17.fxe5 Ng7 18.Bb6 Qb8 19.Rad1 Bc6 20.Rfe1 b4 21.Ne2 Qb7 22.Rg1 Nf5
23.Bxf5 exf5 24.Nf4 Rfe8 25.Nd3 Rac8 26.Bd4 Bf8 27.c3 bxc3 28.bxc3 Be4 29.Rd2 Qc6
30.Rb1 Rb8 31.Rxb8 Rxb8 32.h3 Qc4 33.Nc5 Rb1+ 34.Kh2 Bc6 35.Nd3 Be4 36.Nc5 Bc6
37.Nd3 Be4  1/2-1/2

[Event "University of Twente YM"]
[Site "Enschede NED"]
[Date "2009.08.03"]
[Round "4"]
[White "Melia,S"]
[Black "Giri,A"]
[Result "1/2-1/2"]
[WhiteElo "2441"]
[BlackElo "2518"]

1.e4 c5 2.Nf3 e6 3.d4 cxd4 4.Nxd4 Nc6 5.Nc3 Qc7 6.Be3 a6 7.Qd2 Nf6 8.O-O-O Be7
9.f3 h5 10.Qf2 d6 11.h3 b5 12.Nxc6 Qxc6 13.Bd3 h4 14.Kb1 b4 15.Ne2 e5 16.Bg5 Nd7
17.Bxe7 Kxe7 18.g3 Qc5 19.Qg2 hxg3 20.Qxg3 Nf6 21.f4 Be6 22.fxe5 dxe5 23.Rdf1 Nh5
24.Qf3 Qa5 25.b3 Qc5 26.Rhg1 g6 27.Rg5 a5 28.Bc4 Rhf8 29.Nc1 Bxc4 30.bxc4 f6
31.Rxg6 Qxc4 32.Rd1 Rac8 33.Qxh5 Qxc2+ 34.Ka1 Qc3+ 35.Kb1 Qc2+ 36.Ka1 Qc3+  1/2-1/2

[Event "Centroamericano & Caribbean U20 w"]
[Site "Medellin COL"]
[Date "2009.08.03"]
[Round "8"]
[White "Herrera,Mil"]
[Black "Orozco,Li"]
[Result "1-0"]
[WhiteElo "2118"]
[BlackElo "2148"]

1.e4 c5 2.Nf3 e6 3.d4 cxd4 4.Nxd4 Nc6 5.Nc3 a6 6.Nxc6 bxc6 7.Bd3 e5 8.O-O Nf6
9.Qe2 Qc7 10.Re1 Be7 11.Na4 O-O 12.c4 d5 13.exd5 cxd5 14.cxd5 Bd6 15.Bg5 Nd7
16.Rac1 Qa5 17.Rc4 f5 18.Bd2 Qd8 19.Rc6 Nb8 20.Bg5 Qxg5 21.Rxd6 Qf4 22.Nb6 e4
23.Nxc8 exd3 24.Qe6+ Kh8 25.Qf7 Rg8 26.Rd8  1-0

[Event "Centroamericano & Caribbean U20"]
[Site "Medellin COL"]
[Date "2009.08.03"]
[Round "8"]
[White "Rojas Alarcon,J"]
[Black "Torres,JoseD"]
[Result "1-0"]
[WhiteElo "2295"]
[BlackElo "2171"]

1.e4 c5 2.Nf3 Nc6 3.Nc3 e6 4.d4 cxd4 5.Nxd4 Qc7 6.Be3 a6 7.Qd2 Nf6 8.f3 Bb4
9.g4 h6 10.Nxc6 bxc6 11.a3 Be7 12.Bg2 d5 13.O-O Bb7 14.Rae1 c5 15.exd5 Nxd5
16.Nxd5 Bxd5 17.b3 c4 18.b4 c3 19.Qd4 O-O 20.f4 Bxg2 21.Kxg2 Rfd8 22.Qe4 a5
23.g5 hxg5 24.fxg5 Qd6 25.Rd1 Qa6 26.Qf3 Rxd1 27.Qxf7+ Kh8 28.Qh5+ Kg8 29.Qxd1  1-0

[Event "Arctic Chess Challenge"]
[Site "Tromso NOR"]
[Date "2009.08.03"]
[Round "3"]
[White "Tofte,S"]
[Black "Bruno,Fabi"]
[Result "0-1"]
[WhiteElo "2119"]
[BlackElo "2455"]

1.e4 c5 2.Nf3 e6 3.d4 cxd4 4.Nxd4 Nc6 5.Nc3 Qc7 6.Be3 Nf6 7.Qd2 a6 8.O-O-O Be7
9.f3 h5 10.Kb1 d6 11.f4 Bd7 12.Be2 Rc8 13.Rhe1 g6 14.f5 Ne5 15.Bg5 b5 16.fxe6 fxe6
17.Bxb5 axb5 18.Ndxb5 Bxb5 19.Nxb5 Qb8 20.Bxf6 Bxf6 21.Qxd6 Kf7 22.a4 Rhd8
23.Qb4 Kg7 24.b3 Nc6 25.Qa3 Qe5 26.Nd6 Nb4 27.Nxc8 Qc3 28.Rc1 Rxc8 29.e5 Bg5
30.Qb2 Qc5 31.Rcd1 Nxc2 32.Rd7+ Kg8 33.Red1 Nb4 34.g3 Nd5 35.Rf1 Be3 36.Rff7 Bd4
37.Qd2 Nc3+ 38.Ka1 Qa3+  0-1

[Event "HZ Open"]
[Site "Vlissingen NED"]
[Date "2009.08.03"]
[Round "4"]
[White "Leenaerts,R"]
[Black "Nijboer,F"]
[Result "0-1"]
[WhiteElo "2248"]
[BlackElo "2552"]

1.e4 c5 2.Nf3 Nc6 3.d4 cxd4 4.Nxd4 e6 5.Nc3 Qc7 6.Be2 Nf6 7.O-O Be7 8.Be3 O-O
9.f4 d6 10.Qe1 Nxd4 11.Bxd4 e5 12.Be3 Bd7 13.Kh1 Bc6 14.Bf3 b5 15.Qg3 b4
16.fxe5 bxc3 17.exf6 Bxf6 18.b3 Be5 19.Bf4 Rae8 20.Rad1 Bxf4 21.Qxf4 Re5
22.h3 Bb5 23.Rfe1 Qe7 24.Qe3 f5 25.Rd5 Re8 26.Rxe5 Qxe5 27.g4 fxe4 28.Qxe4 Qxe4
29.Rxe4 Rxe4 30.Bxe4 h6 31.Kg2 Kf7 32.Kf3 Ke6 33.Ke3 Ke5 34.a4 Bf1 35.h4 d5
36.Bd3 d4+  0-1

[Event "XXXV Open"]
[Site "Badalona ESP"]
[Date "2009.08.04"]
[Round "4"]
[White "Matsenko,S"]
[Black "Ramiro Ovejero,J"]
[Result "1/2-1/2"]
[WhiteElo "2432"]
[BlackElo "2348"]

1.e4 c5 2.Nf3 e6 3.d4 cxd4 4.Nxd4 Nc6 5.Nc3 Qc7 6.Be2 a6 7.O-O Nf6 8.Be3 Bb4
9.Na4 Be7 10.Nxc6 bxc6 11.Nb6 Rb8 12.Nxc8 Qxc8 13.Bd4 Qc7 14.e5 Nd5 15.b3 a5
16.g3 c5 17.Bb2 O-O 18.Bf3 Nb4 19.Qe2 f5 20.Rfd1 f4 21.g4 c4 22.Rd4 c3 23.Bc1 Bc5
24.Rc4 Qb6 25.a3 Nd5 26.Bxd5 exd5 27.Rxf4 Rfe8 28.h4 Bd6 29.Be3 Rxe5 30.Rf5 Qc7
31.Qf3 Rxf5 32.Qxf5 Bh2+ 33.Kg2 Be5 34.Bd4 Bxd4 35.Qxd5+ Kh8 36.Qxd4 Qc6+
37.Kg3  1/2-1/2

[Event "Open"]
[Site "Kavala GRE"]
[Date "2009.08.04"]
[Round "5"]
[White "Markidis,K"]
[Black "Aroshidze,L"]
[Result "0-1"]
[WhiteElo "2334"]
[BlackElo "2537"]

1.e4 c5 2.Nf3 e6 3.d4 cxd4 4.Nxd4 Nc6 5.Nc3 Qc7 6.g3 a6 7.Bg2 Nf6 8.O-O d6
9.Re1 Nd7 10.Nxc6 bxc6 11.b3 Be7 12.Bb2 O-O 13.Nb1 a5 14.a4 Ba6 15.Nd2 Rfe8
16.Bf1 Bxf1 17.Rxf1 Rab8 18.Rb1 Rb7 19.Ba3 d5 20.Bxe7 Rxe7 21.Qe2 Re8 22.Rfd1 Reb8
23.Nf3 Nc5 24.exd5 cxd5 25.Rbc1 Rb4 26.Qf1 Rc8 27.Ra1 Ne4 28.Nd4 Qb6 29.c4 dxc4
30.Rac1 c3 31.Nb5 Rxb3 32.Rd3 Rb2 33.Rf3 f5 34.Qe1 Rd8 35.Nxc3 Ng5 36.Re3 Nh3+
37.Kg2 Nxf2 38.Ne2 Nd3  0-1

[Event "Centroamericano & Caribbean U20 w"]
[Site "Medellin COL"]
[Date "2009.08.04"]
[Round "9"]
[White "Gutierrez,L"]
[Black "Esquivel de Leon,A"]
[Result "0-1"]
[WhiteElo "1896"]
[BlackElo "2008"]

1.e4 c5 2.Nf3 e6 3.d4 cxd4 4.Nxd4 Nc6 5.Nc3 a6 6.Be3 Qc7 7.Bd3 Nf6 8.O-O Bd6
9.h3 Bh2+ 10.Kh1 Bf4 11.Bxf4 Qxf4 12.Qf3 Qe5 13.Nde2 b5 14.a3 O-O 15.Qe3 Qc7
16.f4 d6 17.Ng3 b4 18.axb4 Nxb4 19.Nb5 Qb8 20.Nc3 Bb7 21.Rfd1 Rd8 22.Rd2 d5
23.exd5 Nbxd5 24.Nxd5 Nxd5 25.Qe4 Qxf4 26.Qxh7+ Kf8 27.Ne4 Qh6 28.Qxh6 gxh6
29.Nc5 Bc6 30.Rf2 Ke7 31.Rxa6 Rxa6 32.Nxa6 Ne3 33.Re2 Nxg2 34.Rxg2 Rg8 35.Bf1 f5
36.b4 Rg3 37.Kh2 Bxg2 38.Bxg2 Ra3 39.b5 e5 40.c4 e4 41.c5 e3 42.Kg3 f4+ 43.Kf3 Ra2
44.Nb4 Rf2+ 45.Ke4 e2 46.Nd3 Rxg2 47.Kf3 Rg3+ 48.Kxe2 Rxh3 49.Nxf4 Rb3 50.b6 Kd7
51.Nd3 Kc6 52.Kd2 h5 53.Kc2 Rb5 54.Kd2 h4 55.Ke2 h3 56.Ne5+ Kxc5 57.Kf2 Kxb6
58.Ng4 Rg5  0-1